Guide To New Schedule VI (Record no. 41182)

MARC details
000 -LEADER
fixed length control field 00349nam a2200133Ia 4500
008 - FIXED-LENGTH DATA ELEMENTS--GENERAL INFORMATION
fixed length control field 240719s9999 xx 000 0 und d
041 ## - LANGUAGE CODE
Language code of text/sound track or separate title eng
082 ## - DEWEY DECIMAL CLASSIFICATION NUMBER
Classification number 657.02 SRI
100 ## - MAIN ENTRY--PERSONAL NAME
Personal name Shrinivasan Anand G.
245 ## - TITLE STATEMENT
Title Guide To New Schedule VI
260 ## - PUBLICATION, DISTRIBUTION, ETC.
Place of publication, distribution, etc. New Delhi
Name of publisher, distributor, etc. TAXMAN,
Date of publication, distribution, etc. 2011
300 ## - PHYSICAL DESCRIPTION
Extent 568.; P 23 Cm
520 ## - SUMMARY, ETC.
Summary, etc. Gifted By : Prof. Pawan Jain
Holdings
Withdrawn status Lost status Damaged status Not for loan Home library Current library Shelving location Date acquired Cost, normal purchase price Full call number Barcode Date last seen Price effective from Koha item type Public note
        IMTN IMTN Rack 21-A 05/05/2023 625.00 657.02 SRI 32877 07/19/2024 07/19/2024 Books Gifted
Designed & Maintained by: LRC IMT Nagpur Contact: lrc@imtnag.ac.in© 2024. All Rights Reserved.